[Event "Avoine op 37th"]
[Site "Avoine"]
[Date "2023.07.22"]
[Round "1"]
[White "Barbot, Pierre"]
[Black "Kern, Nicolas"]
[Result "1-0"]
[WhiteElo "2465"]
[BlackElo "2061"]
[PlyCount "97"]
[EventDate "2023.07.22"]
[EventType "swiss"]
[EventRounds "9"]
[EventCountry "FRA"]
[SourceTitle "CBM 215 Extra"]
[Source "ChessBase"]
[SourceDate "2023.09.30"]
[SourceVersion "1"]
[SourceVersionDate "2023.09.30"]
[SourceQuality "1"]

1. d4 d5 2. c4 c6 3. Nc3 Nf6 4. Nf3 dxc4 5. a4 Bf5 6. Ne5 Nbd7 7. Nxc4 Qc7 8. g3 e5 9. dxe5 Nxe5 10. Bf4 Nfd7 11. Bg2 0-0-0 12. 0-0 f6 13. Ne4 Be6 14. Nxe5 Nxe5 15. Qc2 Rd4 16. Rac1 Kb8 17. Nc5 Bc8 18. e3 Rd8 19. b4 g5 20. Bxe5 Qxe5 21. Na6+ Ka8 22. b5 c5 23. Nxc5 Bxc5 24. Qxc5 Qxc5 25. Rxc5 Rd2 26. Rfc1 Kb8 27. Be4 h5 28. Bf5 Bxf5 29. Rxf5 Ra2 30. Rc4 h4 31. gxh4 gxh4 32. Kg2 Rh6 33. Kh3 Ra1 34. Rd5 Rh8 35. Rd6 Rf8 36. Rxh4 Kc7 37. Rdd4 Kb6 38. Rhf4 Rg1 39. Rd6+ Ka5 40. Rdxf6 Rxf6 41. Rxf6 Kxa4 42. Rf7 b6 43. Rf5 Kb4 44. f4 Kc4 45. Re5 Kd3 46. f5 Ke2 47. f6 Rf1 48. Re6 Rf5 49. Kg4 1-0

[Event "FIDE World Uni Blitz-C 1st"]
[Site "Tornelo INT"]
[Date "2021.03.13"]
[Round "6.40"]
[White "Kern, Nicolas"]
[Black "Avila Bautista, Teresa Alejandra"]
[Result "1-0"]
[WhiteElo "2082"]
[BlackElo "1642"]
[PlyCount "61"]
[EventDate "2021.03.13"]
[EventType "swiss (blitz)"]
[EventRounds "10"]
[EventCountry "NET"]
[SourceTitle "EXT 2022"]
[Source "ChessBase"]
[SourceDate "2021.10.06"]
[SourceVersion "1"]
[SourceVersionDate "2021.10.06"]
[SourceQuality "1"]

1. e4 c5 2. Nc3 Nc6 3. d3 g6 4. Be3 d6 5. d4 b6 6. d5 Ne5 7. f4 Nd7 8. Nf3 Bg7 9. Qd2 Ngf6 10. h3 0-0 11. g4 a6 12. a4 Qc7 13. f5 Rb8 14. Bh6 c4 15. Bxg7 Kxg7 16. Qd4 b5 17. g5 b4 18. gxf6+ Nxf6 19. Ne2 a5 20. Nf4 c3 21. b3 Qc5 22. Qxc5 dxc5 23. Bd3 Re8 24. e5 Nd7 25. 0-0-0 Bb7 26. Rhg1 Kh8 27. h4 Nb6 28. Ng5 Nxd5 29. Nxf7+ Kg7 30. Nxd5 Bxd5 31. fxg6 1-0

[Event "FIDE World Uni Blitz-C 1st"]
[Site "Tornelo INT"]
[Date "2021.03.13"]
[Round "5.13"]
[White "Lobanov, Sergei"]
[Black "Kern, Nicolas"]
[Result "1-0"]
[WhiteElo "2516"]
[BlackElo "2082"]
[PlyCount "73"]
[EventDate "2021.03.13"]
[EventType "swiss (blitz)"]
[EventRounds "10"]
[EventCountry "NET"]
[SourceTitle "EXT 2022"]
[Source "ChessBase"]
[SourceDate "2021.10.06"]
[SourceVersion "1"]
[SourceVersionDate "2021.10.06"]
[SourceQuality "1"]

1. e4 e5 2. Nf3 Nc6 3. Bb5 Bc5 4. 0-0 Nd4 5. Nxd4 Bxd4 6. c3 Bb6 7. d4 c6 8. Ba4 d6 9. Re1 Nf6 10. Bg5 0-0 11. Na3 h6 12. Bh4 Bc7 13. dxe5 dxe5 14. Qe2 Qe7 15. Bb3 Be6 16. Nc4 Rad8 17. Bg3 Nd7 18. Ne3 Nc5 19. Bc2 a5 20. Nf5 Qf6 21. Bh4 g5 22. Bg3 Rd7 23. b4 axb4 24. cxb4 Na6 25. a3 Rfd8 26. Qh5 Rd2 27. Rac1 Bxf5 28. exf5 Bb6 29. Bxe5 Bxf2+ 30. Kh1 Qe7 31. Qxh6 f6 32. Bxf6 Qh7 33. Qxg5+ Kf7 34. Re7+ Kf8 35. Rxh7 Rxc2 36. Qg7+ Ke8 37. Rh8# 1-0

[Event "Avoine op 34th"]
[Site "Avoine"]
[Date "2019.07.20"]
[Round "4"]
[White "Kern, Nicolas"]
[Black "Tribout, Alexandre"]
[Result "1-0"]
[WhiteElo "2085"]
[BlackElo "1847"]
[PlyCount "89"]
[EventDate "2019.07.20"]
[EventType "swiss"]
[EventRounds "9"]
[EventCountry "FRA"]
[SourceTitle "EXT 2020"]
[Source "ChessBase"]
[SourceDate "2019.10.17"]
[SourceVersion "1"]
[SourceVersionDate "2019.10.17"]
[SourceQuality "1"]

1. e4 c5 2. Nc3 Nc6 3. d3 g6 4. Be3 d6 5. d4 cxd4 6. Bxd4 Nf6 7. Bxf6 exf6 8. Bc4 Bg7 9. Nge2 0-0 10. h4 h5 11. Nf4 Ne5 12. Bb3 f5 13. Qd5 Bh6 14. g3 Nf3+ 15. Kf1 Bxf4 16. gxf4 Nxh4 17. Rd1 Be6 18. Qxd6 Bxb3 19. axb3 Nf3 20. Rh3 Qxd6 21. Rxd6 Rad8 22. Rxd8 Rxd8 23. Rxf3 Rd2 24. exf5 Rxc2 25. fxg6 fxg6 26. Nd1 b5 27. f5 Kg7 28. fxg6 Kxg6 29. Rc3 Rd2 30. Ke1 Rd4 31. Ne3 h4 32. Nf1 a5 33. Ke2 Rg4 34. Rc6+ Kg7 35. Kf3 Rg1 36. Nh2 Rb1 37. Rc2 Rd1 38. Kg4 Rd3 39. Kxh4 Rxb3 40. Kg5 a4 41. f4 b4 42. Ng4 a3 43. bxa3 bxa3 44. Rc7+ Kf8 45. Ra7 1-0

[Event "Karlsruhe Grenke op"]
[Site "Karlsruhe"]
[Date "2019.04.18"]
[Round "1"]
[White "Kern, Nicolas"]
[Black "Cukrowski, Filip"]
[Result "1/2-1/2"]
[WhiteElo "2101"]
[BlackElo "2421"]
[PlyCount "81"]
[EventDate "2019.04.18"]
[EventType "swiss"]
[EventRounds "9"]
[EventCountry "GER"]
[SourceTitle "CBM 189 Extra"]
[Source "ChessBase"]
[SourceDate "2019.05.31"]
[SourceVersion "1"]
[SourceVersionDate "2019.05.31"]
[SourceQuality "1"]

1. e4 c5 2. Nc3 d6 3. d3 Nc6 4. Be3 g6 5. d4 cxd4 6. Bxd4 Nf6 7. Bxf6 exf6 8. Qd2 Be6 9. Bb5 a6 10. Ba4 Qa5 11. Rd1 0-0-0 12. Nge2 d5 13. Nxd5 Bb4 14. c3 Bxd5 15. cxb4 Qxa4 16. exd5 Qxb4 17. 0-0 Qxd2 18. Rxd2 Na7 19. Nc3 Rhe8 20. Rc1 Kd7 21. Na4 Kd6 22. Nb6 Nc8 23. Nc4+ Kd7 24. Kf1 b5 25. Ne3 Nd6 26. Rc6 Rc8 27. Rxa6 Rc7 28. g3 f5 29. Ke2 g5 30. Kf3 h5 31. Rd4 f4 32. gxf4 g4+ 33. Kg2 f5 34. a4 h4 35. h3 Rxe3 36. fxe3 Rc2+ 37. Kg1 Rc1+ 38. Kg2 Rc2+ 39. Kg1 Rc1+ 40. Kh2 Rc2+ 41. Kg1 1/2-1/2

[Event "Avoine op 33rd"]
[Site "Avoine"]
[Date "2018.07.22"]
[Round "2"]
[White "Kern, Nicolas"]
[Black "Oney, Fatmanur"]
[Result "1-0"]
[WhiteElo "2104"]
[BlackElo "1780"]
[PlyCount "45"]
[EventDate "2018.07.21"]
[EventType "swiss"]
[EventRounds "9"]
[EventCountry "FRA"]
[SourceTitle "CBM 185 Extra"]
[Source "ChessBase"]
[SourceDate "2018.07.29"]
[SourceVersion "1"]
[SourceVersionDate "2018.07.29"]
[SourceQuality "1"]

1. e4 d6 2. Nc3 g6 3. g4 Bg7 4. Bc4 Nf6 5. f3 e5 6. Nge2 c6 7. g5 Nfd7 8. d4 b5 9. Bb3 Qb6 10. Be3 c5 11. dxc5 dxc5 12. a4 bxa4 13. Nxa4 Qc7 14. Qd5 0-0 15. Nxc5 Nxc5 16. Qxc5 Qd7 17. Rxa7 Rxa7 18. Qxa7 Qb5 19. Nc3 Qa6 20. Qxb8 Qa1+ 21. Nd1 Be6 22. Qa7 Qb1 23. 0-0 1-0

[Event "FRA-ch U20"]
[Site "Belfort"]
[Date "2017.04.22"]
[Round "8"]
[White "Lamard, Guillaume"]
[Black "Kern, Nicolas"]
[Result "1-0"]
[WhiteElo "2307"]
[BlackElo "2085"]
[PlyCount "81"]
[EventDate "2017.04.16"]
[EventType "swiss"]
[EventRounds "9"]
[EventCountry "FRA"]
[SourceTitle "CBM 177 Extra"]
[Source "ChessBase"]
[SourceDate "2017.04.27"]
[SourceVersion "1"]
[SourceVersionDate "2017.04.27"]
[SourceQuality "1"]

1. d4 d5 2. c4 c6 3. Nf3 Nf6 4. Nc3 dxc4 5. a4 Bf5 6. e3 e6 7. Bxc4 Na6 8. 0-0 Nb4 9. Qe2 Be7 10. e4 Bg6 11. Bf4 Qa5 12. Rfd1 0-0 13. Nd2 Qh5 14. f3 Nc2 15. g4 Qh3 16. Qf2 Nxg4 17. fxg4 Qxg4+ 18. Bg3 Nxa1 19. Rxa1 Rad8 20. Re1 Qg5 21. Nb3 Rd7 22. h4 Qh6 23. Kh2 Kh8 24. Rf1 Rdd8 25. Kh3 Bh5 26. Bf4 Qf6 27. Qe1 h6 28. Be5 Qg6 29. Rg1 Qh7 30. Rxg7 Qxg7 31. Bxg7+ Kxg7 32. e5 Rg8 33. Bd3 f5 34. exf6+ Bxf6 35. Ne4 Rdf8 36. Nbc5 Kh8 37. Nxf6 Rxf6 38. Qe5 Bg4+ 39. Kh2 Rgf8 40. Nd7 Kg7 41. Nxf8 1-0

[Event "FRA-ch U20"]
[Site "Belfort"]
[Date "2017.04.17"]
[Round "2"]
[White "Kern, Nicolas"]
[Black "Tahay, Alexis"]
[Result "0-1"]
[WhiteElo "2085"]
[BlackElo "2239"]
[PlyCount "126"]
[EventDate "2017.04.16"]
[EventType "swiss"]
[EventRounds "9"]
[EventCountry "FRA"]
[SourceTitle "CBM 177 Extra"]
[Source "ChessBase"]
[SourceDate "2017.04.27"]
[SourceVersion "1"]
[SourceVersionDate "2017.04.27"]
[SourceQuality "1"]

1. d4 Nf6 2. c4 c5 3. d5 b5 4. Nf3 bxc4 5. Nc3 d6 6. e4 Nbd7 7. Bxc4 g6 8. 0-0 Bg7 9. Re1 0-0 10. Bg5 h6 11. Bd2 Ng4 12. Qc1 Kh7 13. Nd1 Qb6 14. Bc3 Rb8 15. Bxg7 Kxg7 16. Qc3+ f6 17. Nd2 Nge5 18. Re3 Qb4 19. Be2 g5 20. Rg3 Qxc3 21. Rxc3 Rb4 22. f3 Nb6 23. a3 Ra4 24. Ne3 f5 25. Nec4 Nexc4 26. Nxc4 Nxc4 27. Bxc4 f4 28. e5 dxe5 29. Bb5 Rd4 30. Rxc5 Rd8 31. Bc6 g4 32. Re1 Kf6 33. Kf2 gxf3 34. gxf3 Rg8 35. Bb5 Bh3 36. Bf1 Bxf1 37. Kxf1 Rd8 38. Ra5 R4xd5 39. Rxa7 Rd3 40. Kf2 Rb3 41. Re2 Rdd3 42. Ra6+ e6 43. Ra7 Rxf3+ 44. Kg2 Rfd3 45. Rf2 Rd8 46. a4 Rg8+ 47. Kf1 Rgb8 48. a5 Rxb2 49. a6 Rxf2+ 50. Kxf2 Rb3 51. Ra8 Ra3 52. a7 Kg7 53. h4 e4 54. Ke2 Ra2+ 55. Kf1 e3 56. Re8 Rxa7 57. Rxe6 Ra4 58. Ke2 Kf7 59. Rd6 Ra2+ 60. Kf3 Rf2+ 61. Kg4 e2 62. Rd7+ Ke8 63. Ra7 e1Q 0-1

[Event "FRA-ch U26"]
[Site "Strasbourg"]
[Date "2017.01.21"]
[Round "1"]
[White "Villegas, Pierre"]
[Black "Kern, Nicolas"]
[Result "1-0"]
[WhiteElo "2363"]
[BlackElo "2093"]
[PlyCount "151"]
[EventDate "2017.01.21"]
[EventType "swiss"]
[EventRounds "11"]
[EventCountry "FRA"]
[SourceTitle "EXT 2018"]
[Source "ChessBase"]
[SourceDate "2017.10.13"]
[SourceVersion "1"]
[SourceVersionDate "2017.10.13"]
[SourceQuality "1"]

1. d4 d5 2. c4 c6 3. Nf3 Nf6 4. e3 Bg4 5. h3 Bh5 6. g4 Bg6 7. Ne5 e6 8. Nd2 Nbd7 9. Nxg6 hxg6 10. Bg2 Qa5 11. 0-0 dxc4 12. Nxc4 Qb5 13. b3 Nb6 14. Ne5 Rc8 15. Qf3 Bd6 16. Bb2 0-0 17. Rfc1 Rfd8 18. g5 Bxe5 19. dxe5 Nfd5 20. Bf1 Qb4 21. e4 Qd2 22. exd5 Qxb2 23. dxe6 fxe6 24. Qc3 Qxc3 25. Rxc3 Rd4 26. Re1 Rf8 27. Rd3 Rdf4 28. Rd6 R8f5 29. Rxe6 Rxg5+ 30. Bg2 Kf7 31. Rd6 Ke7 32. Rd2 Ke6 33. Rd6+ Ke7 34. Red1 Rxe5 35. Rxg6 Kf7 36. Rg4 Rf6 37. Kf1 Rc5 38. Rgd4 Rc2 39. R4d2 Rc3 40. Rd8 Rc2 41. R1d2 Rxd2 42. Rxd2 Ke7 43. Be4 Nd7 44. Kg2 Nc5 45. Bc2 Ne6 46. Kg3 Nc5 47. Re2+ Kf7 48. b4 Ne6 49. Bb3 Ke7 50. f4 Kd6 51. Re4 b6 52. h4 c5 53. bxc5+ Nxc5 54. Rd4+ Ke7 55. h5 Nxb3 56. axb3 Rf5 57. Kg4 Rb5 58. b4 a5 59. bxa5 Rxa5 60. Rb4 b5 61. Kg5 Kf7 62. Kf5 Kg8 63. Kg5 Kf7 64. f5 Kg8 65. h6 gxh6+ 66. Kg6 h5 67. Rd4 Ra8 68. f6 Rb8 69. Rh4 b4 70. Rxh5 Rb6 71. Rc5 Rb8 72. Rc7 b3 73. Rg7+ Kh8 74. Rh7+ Kg8 75. f7+ Kf8 76. Rh8+ 1-0

[Event "Andorra op 34th"]
[Site "Escaldes"]
[Date "2016.08.10"]
[Round "8"]
[White "Aubry, Yannis"]
[Black "Kern, Nicolas"]
[Result "1-0"]
[WhiteElo "2269"]
[BlackElo "2079"]
[PlyCount "81"]
[EventDate "2016.08.03"]
[EventType "swiss"]
[EventRounds "9"]
[EventCountry "AND"]
[SourceTitle "CBM 173 Extra"]
[Source "ChessBase"]
[SourceDate "2016.08.29"]
[SourceVersion "1"]
[SourceVersionDate "2016.08.29"]
[SourceQuality "1"]

1. d4 d5 2. c4 c6 3. Nf3 Nf6 4. Nc3 dxc4 5. a4 Na6 6. e3 Bg4 7. Bxc4 e6 8. h3 Bxf3 9. Qxf3 Nb4 10. 0-0 Be7 11. Rd1 0-0 12. Qe2 Qa5 13. e4 Qh5 14. Qxh5 Nxh5 15. d5 e5 16. dxc6 bxc6 17. Rd7 Bc5 18. Bg5 Nf6 19. Bxf6 gxf6 20. Ne2 Rad8 21. Bxf7+ Kg7 22. Be6+ Rxd7 23. Bxd7 Nd3 24. Bxc6 Nxf2 25. b4 Be3 26. Kf1 Nd3 27. Rb1 Bd2 28. Rd1 Nxb4 29. Rxd2 Nxc6 30. Rd6 Nb8 31. Ng3 Kf7 32. Rd5 Ke6 33. Nf5 Rc8 34. Rb5 Na6 35. Ra5 Rc6 36. Ke2 Kd7 37. Ne3 Kc7 38. Nd5+ Kd7 39. Kf3 Rd6 40. Kg4 Ke6 41. Rxa6 1-0

[Event "Andorra op 34th"]
[Site "Escaldes"]
[Date "2016.08.09"]
[Round "7"]
[White "Kern, Nicolas"]
[Black "Eden, James"]
[Result "1/2-1/2"]
[WhiteElo "2079"]
[BlackElo "2320"]
[PlyCount "86"]
[EventDate "2016.08.03"]
[EventType "swiss"]
[EventRounds "9"]
[EventCountry "AND"]
[SourceTitle "CBM 173 Extra"]
[Source "ChessBase"]
[SourceDate "2016.08.29"]
[SourceVersion "1"]
[SourceVersionDate "2016.08.29"]
[SourceQuality "1"]

1. e4 e5 2. Nf3 Nc6 3. Bb5 Nf6 4. 0-0 Nxe4 5. Re1 Nd6 6. Nxe5 Nxe5 7. Rxe5+ Be7 8. Bf1 0-0 9. d4 Bf6 10. Re1 Nf5 11. c3 d5 12. Bf4 c6 13. Nd2 Ne7 14. Be5 Ng6 15. Bxf6 Qxf6 16. Qf3 Bf5 17. Qg3 h5 18. Nf3 h4 19. Qg5 Qxg5 20. Nxg5 Rfe8 21. Nf3 f6 22. Rxe8+ Rxe8 23. Re1 Rxe1 24. Nxe1 Kf7 25. f3 Ke6 26. Kf2 Ne7 27. Ke3 Bb1 28. a3 Nf5+ 29. Kd2 g5 30. Be2 Nd6 31. b3 b6 32. Nd3 a5 33. Kc1 Bxd3 34. Bxd3 c5 35. a4 cxd4 36. cxd4 Nf5 37. Bxf5+ Kxf5 38. Kd2 Kf4 39. Ke2 g4 40. Kf2 h3 41. gxh3 gxh3 42. Ke2 Kg5 43. Kf2 Kf4 1/2-1/2

[Event "FRA-ch U18"]
[Site "Pau"]
[Date "2015.04.30"]
[Round "6"]
[White "Kern, Nicolas"]
[Black "Micottis, Dorian"]
[Result "0-1"]
[WhiteElo "2033"]
[BlackElo "2217"]
[PlyCount "120"]
[EventDate "2015.04.26"]
[EventType "swiss"]
[EventRounds "9"]
[EventCountry "FRA"]
[SourceTitle "CBM 166 Extra"]
[Source "ChessBase"]
[SourceDate "2015.06.18"]
[SourceVersion "1"]
[SourceVersionDate "2015.06.18"]
[SourceQuality "1"]

1. e4 c5 2. Nc3 e6 3. g3 d5 4. exd5 exd5 5. Bg2 Nf6 6. d3 d4 7. Ne4 Nxe4 8. Bxe4 Nd7 9. Qf3 Qb6 10. Ne2 Nf6 11. Nf4 Bg4 12. Qg2 0-0-0 13. 0-0 Nxe4 14. Qxe4 Bd7 15. c4 f5 16. Qd5 g5 17. Ng2 Qf6 18. Re1 h6 19. Bd2 Bd6 20. Re2 Rhe8 21. Rae1 Bc6 22. Rxe8 Bxd5 23. cxd5 Rxe8 24. Rxe8+ Kd7 25. Re6 Qg7 26. f4 b5 27. b3 a5 28. fxg5 hxg5 29. Bxa5 b4 30. Ne1 Qg8 31. Nf3 Qa8 32. Nd2 Qxa5 33. Rxd6+ Ke7 34. Re6+ Kf7 35. Nf3 Qxa2 36. Ne5+ Kg7 37. d6 Qxb3 38. d7 Qxe6 39. d8Q Qxe5 40. Qxg5+ Kf7 41. Qh5+ Ke7 42. Qh7+ Kd6 43. Qg8 Qe3+ 44. Kg2 Qe2+ 45. Kg1 Qxd3 46. Qd8+ Ke5 47. Qc7+ Kd5 48. Qb7+ Kc4 49. Qa6+ Kc3 50. Qa5 c4 51. Kf2 Qe3+ 52. Kf1 Qf3+ 53. Kg1 Kb3 54. Qa1 Qe3+ 55. Kh1 Qe4+ 56. Kg1 c3 57. h4 c2 58. Kh2 d3 59. Qc1 Qe2+ 60. Kh3 d2 0-1

[Event "Baden-Alsace"]
[Site "Hockenheim"]
[Date "2014.09.14"]
[Round "1.17"]
[White "Kern, Nicolas"]
[Black "Cofman, Veaceslav"]
[Result "0-1"]
[WhiteElo "2061"]
[BlackElo "2112"]
[PlyCount "136"]
[EventDate "2014.09.14"]
[EventType "team-match"]
[EventRounds "5"]
[EventCountry "GER"]
[SourceTitle "EXT 2015"]
[Source "ChessBase"]
[SourceDate "2014.11.20"]
[SourceVersion "1"]
[SourceVersionDate "2014.11.20"]
[SourceQuality "1"]
[WhiteTeam "Alsace"]
[BlackTeam "Baden"]
[WhiteTeamCountry "FRA"]
[BlackTeamCountry "GER"]

1. e4 Nc6 2. Bc4 e5 3. Nf3 Bc5 4. d3 h6 5. c3 d6 6. a4 a6 7. Qb3 Qf6 8. a5 Nge7 9. Be3 Ng6 10. Nbd2 0-0 11. 0-0 Nf4 12. Kh1 Rb8 13. Qc2 Be6 14. b4 Bxe3 15. fxe3 Ng6 16. Qa2 Qe7 17. Rf2 Bxc4 18. Qxc4 Qe6 19. Raf1 Qxc4 20. Nxc4 f5 21. exf5 Rxf5 22. e4 Rf6 23. g3 Nge7 24. Kg2 Rd8 25. Re1 Re6 26. Nfd2 Kh7 27. Kf3 Ng8 28. h3 Nf6 29. Ne3 Ne7 30. c4 Nc6 31. Nc2 Nh5 32. Kg2 Rg6 33. Re3 Nf4+ 34. Kh2 Ne6 35. Nb3 b6 36. axb6 cxb6 37. Rf7 Ng5 38. Rb7 Rf6 39. Kg2 Rdf8 40. Re2 Rb8 41. Rc7 Nd8 42. Ra7 a5 43. bxa5 bxa5 44. Nxa5 Rb1 45. Ne1 Nge6 46. Nf3 Nc5 47. d4 Nxe4 48. dxe5 dxe5 49. Rd7 Nf7 50. Rxe4 Rxf3 51. Re2 Rff1 52. h4 h5 53. Rf2 Rg1+ 54. Kf3 Nh6 55. Rdd2 Ng4 56. Rg2 Rgf1+ 57. Ke4 Rbe1+ 58. Rde2 Ra1 59. Nc6 Ra8 60. Ne7 Re8 61. Nf5 Nf6+ 62. Kd3 Rxf5 63. Rgf2 Rd8+ 64. Kc2 Rxf2 65. Rxf2 Kg8 66. Re2 e4 67. Kc3 Kf7 68. c5 Ke7 0-1

[Event "FRA-chT U20"]
[Site "Colmar"]
[Date "2013.12.08"]
[Round "?"]
[White "Lagel, Nicolas"]
[Black "Kern, Nicolas"]
[Result "1-0"]
[WhiteElo "1565"]
[BlackElo "1940"]
[PlyCount "91"]
[EventDate "2013.12.07"]
[EventType "swiss"]
[EventRounds "6"]
[EventCountry "FRA"]
[SourceTitle "EXT 2015"]
[Source "ChessBase"]
[SourceDate "2014.11.20"]
[SourceVersion "1"]
[SourceVersionDate "2014.11.20"]
[SourceQuality "1"]

1. e4 e5 2. Nf3 Nc6 3. Bc4 Nf6 4. Ng5 d5 5. exd5 b5 6. Bf1 Qxd5 7. Nc3 Qd7 8. Bxb5 Bb7 9. 0-0 Bc5 10. Nf3 Bd6 11. d4 exd4 12. Nxd4 0-0-0 13. Bxc6 Bxc6 14. Nxc6 Qxc6 15. Qf3 Qxf3 16. gxf3 Rhe8 17. Bg5 Re5 18. Ne4 Rf5 19. Kg2 Be5 20. c3 Rd3 21. Be3 Nd5 22. Rfe1 Rh5 23. Ng3 Nxe3+ 24. Rxe3 Rxe3 25. fxe3 Bxg3 26. Kxg3 Rd5 27. Rf1 Rd3 28. e4 Kd7 29. Rf2 Ke6 30. Kf4 f6 31. h4 g6 32. Rg2 a5 33. h5 g5+ 34. Kg4 Ke5 35. Rf2 Rd1 36. Kg3 c6 37. Rg2 Rh1 38. Rh2 Rb1 39. Rd2 Rh1 40. Rh2 Rb1 41. Rd2 Rh1 42. Rh2 Rd1 43. Rg2 a4 44. a3 Rh1 45. Rd2 Rxh5 46. Rd4 1-0

[Event "Alsace-Baden"]
[Site "Wittelsheim"]
[Date "2013.09.22"]
[Round "1.29"]
[White "Chaltchi, Hussain"]
[Black "Kern, Nicolas"]
[Result "0-1"]
[WhiteElo "1753"]
[BlackElo "1940"]
[PlyCount "56"]
[EventDate "2013.09.22"]
[EventType "team-match"]
[EventRounds "1"]
[EventCountry "FRA"]
[SourceTitle "EXT 2014"]
[Source "ChessBase"]
[SourceDate "2013.11.20"]
[SourceVersion "1"]
[SourceVersionDate "2013.11.20"]
[SourceQuality "1"]
[WhiteTeam "Baden"]
[BlackTeam "Alsace"]
[WhiteTeamCountry "GER"]
[BlackTeamCountry "FRA"]

1. d4 d5 2. e3 Nf6 3. c4 c6 4. Nc3 e6 5. a3 Bd6 6. Nf3 0-0 7. Bd3 Nbd7 8. 0-0 a6 9. Re1 dxc4 10. Bxc4 b5 11. Bf1 c5 12. dxc5 Bxc5 13. g3 Bb7 14. Bg2 Qc7 15. Bd2 Rac8 16. Rc1 Qb8 17. b4 Be7 18. Qb3 Qa8 19. Nh4 Bxg2 20. Nxg2 Ne5 21. Re2 Nf3+ 22. Kh1 Ng4 23. h3 Nge5 24. Na2 Rcd8 25. Be1 h5 26. Bc3 Nc4 27. a4 e5 28. a5 Qc8 0-1

[Event "FRA-ch U12"]
[Site "Troyes"]
[Date "2010.04.13"]
[Round "4"]
[White "Biancarelli, Pablo"]
[Black "Kern, Nicolas"]
[Result "1-0"]
[WhiteElo "1666"]
[BlackElo "1759"]
[PlyCount "133"]
[EventDate "2010.04.11"]
[EventType "swiss"]
[EventRounds "9"]
[EventCountry "FRA"]
[SourceTitle "EXT 2012"]
[Source "ChessBase"]
[SourceDate "2011.11.24"]
[SourceVersion "1"]
[SourceVersionDate "2011.11.24"]
[SourceQuality "1"]

1. d4 d5 2. c4 e6 3. Nc3 c6 4. e4 dxe4 5. Nxe4 Nf6 6. Nxf6+ Qxf6 7. Nf3 Nd7 8. Bg5 Bb4+ 9. Bd2 Qe7 10. a3 Bd6 11. Bc3 0-0 12. Bd3 c5 13. 0-0 cxd4 14. Bxd4 e5 15. Re1 f5 16. Bc3 e4 17. Bc2 Nf6 18. h3 Rd8 19. Qe2 Nh5 20. b4 b6 21. Nd4 Nf4 22. Qf1 Qg5 23. g3 Bb7 24. Nxf5 Bc8 25. Bxe4 Bxf5 26. Bxf5 Qxf5 27. gxf4 Qxf4 28. Qg2 g6 29. Re4 Qf7 30. Qg4 Rf8 31. Qe6 Rac8 32. Qxf7+ Rxf7 33. Rd1 Bf8 34. Kg2 Rfc7 35. Rdd4 Bg7 36. Rd3 Rxc4 37. Rxc4 Rxc4 38. Rd8+ Bf8 39. Be5 Re4 40. Bd6 Rd4 41. Rxf8+ Kg7 42. Be5+ Kxf8 43. Bxd4 Ke7 44. Kf3 Ke6 45. Ke4 Kd6 46. b5 h6 47. f4 h5 48. h4 Ke6 49. Be5 Kd7 50. Bb8 Kc8 51. Bxa7 Kb7 52. Bxb6 Kxb6 53. a4 Ka5 54. Ke5 g5 55. fxg5 Kb6 56. g6 Ka5 57. g7 Kb6 58. g8Q Ka5 59. Qc4 Kb6 60. Kd6 Ka5 61. Kd5 Kb6 62. Qb4 Kb7 63. a5 Ka8 64. a6 Ka7 65. Qd6 Ka8 66. Qc6+ Kb8 67. Qb7# 1-0